00270nam a2200085Ia 4500008004100000100003600041245005400077260004400131300000900175190216s9999||||xx |||||||||||||| ||und|| aLewis Brown&Amp; Leslier Howard 0aPrinciples And Practice Of Management Accountancy bThe English Language Book Societyc1978 a756p